Lord of the Rings Multiple Choice #2 - Statistics

General Stats
  • This quiz has been taken 59 times
  • The average score is 6 of 12
Answer Stats
Question Answer % Correct
Who promised to go with Gimli to visit the caves of Helms Deep? Legolas
100%
Who did Aragorn, Legolas and Gimli meet in Fangorn? Gandalf
86%
What land was Shadowfax from? Rohan
71%
Who sent a message to Gandalf through Radagast? Saruman
64%
Who stayed with Pippin and Merry during Entmoot? Bregalad
57%
Who is Elrohir's brother? Elladan
57%
Who killed Gorbag? Shagrat
43%
Who was reluctant to enter Lothlorien? Boromir
29%
Who saw the Black Riders at Bree? Merry
21%
Who threw a stone into the pool outside the doors of Moria? Boromir
14%
Who wanted to go through the Mines of Moria instead of over the Misty Mountains? Gandalf
7%
What was Galadriel's gift to Boromir? Golden Belt
7%
No matching quizzes found
Score Distribution
Percent of People with Each Score
Percentile by Number Answered
Your Score History
You have not taken this quiz